| 000 | 00431nam a22001937a 4500 | ||
|---|---|---|---|
| 003 | OSt | ||
| 008 | 230325b |||||||| |||| 00| 0 eng d | ||
| 020 | _a9789352865604 | ||
| 082 | _a658 STM | ||
| 100 | _aSTONER,James AF | ||
| 245 | _aManagement | ||
| 250 | _a6th Ed | ||
| 260 |
_aUP _bPearson _c2019 |
||
| 300 | _a543 | ||
| 650 | _aManagement | ||
| 700 | _aFREEMAN,R Eward | ||
| 700 | _aGILBERT,Daniel R | ||
| 942 |
_2ddc _cREF |
||
| 999 |
_c11889 _d11889 |
||